Slovník tvárnenia. Dictionary of Metal Forming. Wörterbuch der Umformtechnik

Salvato in:
Dettagli Bibliografici
Autori principali: Plančak, Miroslav (Autore), Kostka, Peter, 1944- (Autore), Schrek, Alexander, 1967- (Autore)
Natura: Libro
Lingua:slovacco
inglese
tedesco
Pubblicazione: Bratislava : Nakladateľstvo STU, 2012
Edizione:1. vyd.
Serie:Edícia slovníkov
Tags: Aggiungi Tag
Nessun Tag, puoi essere il primo ad aggiungerne!!

MARC

LEADER 00000nam a22000003a 4500
001 stu244165
005 20220317190526.8
008 120306s2012------------------------slo-d
020 |a 978-80-227-3654-1 
040 |a STU  |b slo 
041 0 |a slo  |a eng  |a ger 
080 |a 621.771(075.8) 
100 1 |a Plančak, Miroslav  |4 aut  |9 34 
245 1 |a Slovník tvárnenia. Dictionary of Metal Forming. Wörterbuch der Umformtechnik 
250 |a 1. vyd. 
260 |a Bratislava :  |b Nakladateľstvo STU,  |c 2012 
300 |a 236 s., 271 obr 
700 1 |a Kostka, Peter,  |d 1944-  |4 aut  |u J280  |9 33  |U SjF Ústav technológií a materiálov  |T SjF Katedra materiálov a technológií  |X 2424  |U J0050  |Y 52  |7 A000002424 
700 1 |a Schrek, Alexander,  |d 1967-  |4 aut  |u J280  |9 33  |U SjF Ústav technológií a materiálov  |T SjF Katedra materiálov a technológií  |X 2319  |U J0050  |Y 52  |7 A000002319 
830 0 |a Edícia slovníkov 
996 |b 284J039874  |c J*114649  |l JJST  |s P  |a 0  |w stu244165_0001 
996 |b 284J039875  |c J*114650  |l JJSK  |s A  |a 24  |w stu244165_0002 
996 |b 284J039878  |c J*114653  |l JJSK  |s A  |a 24  |w stu244165_0003 
996 |b 284J039879  |c J*114654  |l JJSK  |s A  |a 24  |w stu244165_0004 
996 |b 284J039880  |c J*114655  |l JJSK  |s A  |a 24  |w stu244165_0005 
996 |b 284M085711  |c M*13566-3  |l MMKN  |s A  |a 24  |w stu244165_0006 
996 |b 284J039882  |c J*114657  |l JJSK  |s A  |a 24  |w stu244165_0007 
996 |b 284J039883  |c J*114658  |l JJSK  |s A  |a 24  |w stu244165_0008 
996 |b 284J039884  |c J*114659  |l JJSK  |s A  |a 24  |w stu244165_0009 
996 |b 284J039877  |c J*114652  |l JJSK  |s A  |a 24  |w stu244165_0010 
996 |b 284J039876  |c J*114651  |l JJSK  |s A  |a 24  |w stu244165_0011 
996 |b 284J039881  |c J*114656  |l JJSK  |s A  |a 24  |w stu244165_0012 
996 |b 284M085710  |c M*13566-2  |l MMKN  |s A  |a 24  |w stu244165_0013 
996 |b 284M085709  |c M*13566-1  |l MMKN  |s A  |a 24  |w stu244165_0014 
996 |b 284J046391  |c J* 119024  |l JJSK  |s A  |a 24  |w stu244165_0015